Manual del ingeniero
Gespeichert in:
| Körperschaft: | |
|---|---|
| Format: | Buch |
| Sprache: | Spanisch |
| Veröffentlicht: |
Barcelona
Gustavo Gili
1975
|
| Ausgabe: | 2a. ed |
| Schlagworte: | |
| Tags: |
Tag hinzufügen
Keine Tags, Fügen Sie den ersten Tag hinzu!
|
MARC
| LEADER | 00000nam a2200000 a 4500 | ||
|---|---|---|---|
| 001 | UCP1108 | ||
| 003 | CL-VaPUC | ||
| 008 | 990326e19750000SP |||||||||||||||||spa|d | ||
| 082 | 0 | 4 | |a 620.002 |b ACA |2 21 |
| 110 | 2 | |a Academia Hütte de Berlín |e author |9 426915 | |
| 245 | 1 | 0 | |a Manual del ingeniero |
| 250 | |a 2a. ed | ||
| 300 | |a 4 v | ||
| 942 | |c BK | ||
| 945 | |d 19990326 00:00:00 |a lriquelm | ||
| 260 | |a Barcelona |b Gustavo Gili |c 1975 | ||
| 500 | |a v.1: Fundamentos teóricos | ||
| 500 | |a v.2: Construcción de máquinas | ||
| 500 | |a v.3: Construcción de obras | ||
| 500 | |a v.4: Consrucción naval, automóviles, aeronaútica - minas - tecnología agrícola - instalaciones auxiliares de la industria - industrias de la alimentación - curtidos - fabricación de calzado - tecnología textil - fabricación de papel - cerámica, vidrio - fabricación de gas - hornos industriales - artes gráficas, máquinas de oficina - mecánica de precisión - fotografía, cinematografía, radiotecnia - extinción de incendios - ferrocarriles - elevación, transporte y almacenamiento de cargas sueltas y a granel | ||
| 650 | 0 | |a Ingeniería |9 259380 | |
| 650 | 0 | |a Manuales |9 257144 | |
| 650 | 0 | |a Matemática |9 260235 | |
| 650 | 0 | |a Física |9 227844 | |
| 650 | 0 | |a Termodinámica |9 259320 | |
| 650 | 0 | |a Oscilaciones |9 344730 | |
| 650 | 0 | |a Mecánica |9 260096 | |
| 650 | 0 | |a Resistencia de materiales |9 260095 | |
| 650 | 7 | |a ELEMENTOS DE MAQUINAS |2 CL-VaPUC |9 426916 | |
| 650 | 7 | |a MECANISMOS |2 CL-VaPUC |9 378510 | |
| 650 | 0 | |a Dinámica |9 260136 | |
| 650 | 0 | |a Tuberías |9 259420 | |
| 650 | 0 | |a Energía |9 259431 | |
| 650 | 0 | |a Máquinas herramientas |9 262583 | |
| 583 | |a last modification |c 19990326 00:00:00 |k Rodrigo Vera | ||
| 999 | |c 279820 |d 279818 | ||
| 952 | |0 0 |1 0 |4 0 |6 620_002000000000000_ACA_1975 |7 0 |8 F |9 319637 |a BIBMEC |b BIBMEC |d 2019-11-20 |h v.1 |i 2703718 |o 620.002 ACA 1975 |p 2703718 |r 2024-01-19 |w 2019-11-20 |y BK_F |k MEC | ||
| 952 | |0 0 |1 0 |4 0 |6 620_002000000000000_ACA_1975 |7 0 |8 F |9 319638 |a BIBMEC |b BIBMEC |d 2019-11-20 |h v.2 |i 1335901 |o 620.002 ACA 1975 |p 1335901 |r 2024-01-19 |w 2019-11-20 |y BK_F |k MEC | ||